biggest cricket manufacturers - Statistics

General Stats
  • This quiz has been taken 1,159 times
    1,155 since last reset
  • The average score is 4 of 15
Answer Stats
Hint Answer % Correct
australian kookaburra
77%
english gunn and moore
50%
continental adidas
38%
indian mrf
37%
english slazenger
36%
australian puma
35%
english gray nicolls
31%
indian reebok
17%
english woodworm
16%
pakistani boom boom
12%
english newbery
6%
english surridge
6%
west indian stanford
4%
english millichamp and hall
3%
indian sunil gavaskar
3%
No matching quizzes found
Score Distribution
Percent of People with Each Score
Percentile by Number Answered
Your Score History
You have not taken this quiz since the last reset